000 00872nam a22002297a 4500
999 _c463
_d463
003 AR-CdUCM
008 190223b ||||| |||| 00| 0 spa d
020 _a8437602335
040 _aMUNICIPALIDAD PROVINCIAL DEL CUSCO
_cBIBLIOTECA MUNICIPAL DEL CUSCO
082 _a800.13 /
_bF39
100 _aFerreras, Juan Ignacio
_91829
245 _aFundamentos de la sociología /
260 _aEspaña :
_bEd. Catedra SA,
_c1980.
300 _a142 paginas ;
_c20.5 cm.
505 _aRelaciones de la sociología de la literatura con otras ciencias humanas --En cuanto a la génesis de la obra --En cuanto a la estructura d la obra --En cuanto a la función de la obra literaria ..,
650 _aConfiguración lingüística
_91830
650 _aSemiotica
_91831
650 _aHermeneutica
_91832
650 _aObjeto
_91833
942 _2ddc
_cLIBROS
945 _arjall
_d2019-02-23